Construction rock work guide (Record no. 546353)

000 -LEADER
fixed length control field 00648pam a2200193 4500
020 ## - INTERNATIONAL STANDARD BOOK NUMBER
International Standard Book Number 0471187534
082 00 - DEWEY DECIMAL CLASSIFICATION NUMBER
Classification number 624/.1513
Author Mark CRI
100 1# - MAIN ENTRY--PERSONAL NAME
Personal name Crimmins, Robert.
9 (RLIN) 42469
245 10 - TITLE STATEMENT
Title Construction rock work guide
Statement of responsibility, etc. [by] Robert Crimmins, Reuben Samuels [and] Bernard Monahan.
260 ## - PUBLICATION, DISTRIBUTION, ETC.
Place of publication, distribution, etc. New York,
Name of publisher, distributor, etc. Wiley-Interscience
Date of publication, distribution, etc. [1972]
300 ## - PHYSICAL DESCRIPTION
Extent x, 241 p.
Other physical details illus.
Dimensions 24 cm.
490 0# - SERIES STATEMENT
Series statement Wiley series of practical construction guides
526 ## - STUDY PROGRAM INFORMATION NOTE
Program name 0
Interest level 0
Reading level 0
Title point value 624_151300000000000_CRI
650 #0 - SUBJECT ADDED ENTRY--TOPICAL TERM
Topical term or geographic name entry element Excavation.
9 (RLIN) 26170
650 #0 - SUBJECT ADDED ENTRY--TOPICAL TERM
Topical term or geographic name entry element Rock mechanics.
9 (RLIN) 23489
700 1# - ADDED ENTRY--PERSONAL NAME
Personal name Monahan, Bernard,
9 (RLIN) 42470
700 1# - ADDED ENTRY--PERSONAL NAME
Personal name Samuels, Reuben,
9 (RLIN) 42471
942 ## - ADDED ENTRY ELEMENTS (KOHA)
Source of classification or shelving scheme
Koha item type Book
Holdings
Withdrawn status Lost status Source of classification or shelving scheme Damaged status Not for loan Permanent Location Current Location Date acquired Total Checkouts Full call number Barcode Date last seen Date last checked out Price effective from Koha item type
          Military College of Engineering (MCE) Military College of Engineering (MCE) 06/10/2014 1 624/.1513 CRI MCE-42561 04/20/2017 02/23/2017 06/10/2014 Book
© 2023 Central Library, National University of Sciences and Technology. All Rights Reserved.